KOTLC Characters - Statistics

General Stats
  • This quiz has been taken 750 times
  • The average score is 12 of 15
Answer Stats
Hint Answer % Correct
Grew up with humans Sophie Foster
100%
Teal eyes Fitz Vacker
97%
Awesome hair Keefe Sencen
95%
Gave Sophie crush cuffs Dex Diznee
93%
Sister to ^^^ Amy Foster
87%
Hydrokinetic Linh Song
81%
Silver Bangs Tam Song
79%
Pyrokinetic Marella Redek
74%
"Glitter Butt" Silveny
74%
Mischievous imp Iggy
72%
Was Quinlin's cognate Alden Vacker
71%
Hangs out with the Drooly boys Jensi Babblos
70%
Mother to ^^^ Della Vacker
67%
glamorous vanisher Biana Vacker
65%
Sophie's old cat Marty
50%
No matching quizzes found
Score Distribution
Percent of People with Each Score
Percentile by Number Answered
Your Score History
You have not taken this quiz